| 000 | 01366cam a2200397 i 4500 | ||
|---|---|---|---|
| 001 | 3399 | ||
| 003 | FISKH | ||
| 005 | 20240301140033.0 | ||
| 008 | 170527s2018 nyu d 000 1 eng | ||
| 010 | _a 2017945039 | ||
| 020 | _a9781250170972 (hardcover) | ||
| 020 | _a9781509871353 | ||
| 020 | _z9781250170989 (ebook) | ||
| 040 |
_aDLC _beng _cDLC _erda |
||
| 042 |
_alcac _apcc |
||
| 050 | 0 | 0 |
_aPZ7.1.A24 _bCh 2018 |
| 082 | 0 | 0 |
_a[Fic] _223 |
| 100 | 1 | _aAdeyemi, Tomi, | |
| 245 | 1 | 0 |
_aChildren of blood and bone / _cTomi Adeyemi. |
| 260 |
_aLondon ; _bLan Macmillan, _c2018. |
||
| 300 |
_a531 pages ; _c20 cm |
||
| 336 |
_atext _btxt _2rdacontent |
||
| 337 |
_aunmediated _bn _2rdamedia |
||
| 338 |
_avolume _bnc _2rdacarrier |
||
| 500 | _aMaps on endpapers. | ||
| 520 | _aSeventeen-year-old Zélie, her older brother Tzain, and rogue princess Amari fight to restore magic to the land and activate a new generation of magi, but they are ruthlessly pursued by the crown prince, who believes the return of magic will mean the end of the monarchy. | ||
| 650 | 1 |
_aSiblings _vFiction. |
|
| 650 | 1 |
_aMagic _vFiction. |
|
| 650 | 1 |
_aPrejudices _vFiction. |
|
| 650 | 1 |
_aGovernment, Resistance to _vFiction. |
|
| 650 | 1 | _aFantasy. | |
| 650 | 1 | _aYouths' writings. | |
| 906 |
_a7 _bcbc _corignew _d1 _eecip _f20 _gy-gencatlg |
||
| 942 |
_2ddc _cBK _n0 |
||
| 999 |
_c3399 _d3399 |
||